000 01045nam a2200301Ia 4500
003 OSt
005 20221007121438.0
006 a|||||r|||| 00| 0
007 ta
008 221006b |||||||| |||| 00| 0 eng d
020 _a9781118911518 (hbk)
024 _a199062
037 _b5608, 30/01/2018, New India Book Agency
_cTextual
040 _aBDL
_cBDL
_beng
041 _2eng
_aeng
082 _aG116:66, Q6 Carb
100 _aIba Hitoshi Ed.
_9711960
245 0 _aEvolutionary computation in gene regulatory network research
_b Noman Nasimul Ed.
260 _aHoboken
_bJohn Wiley
_c2016
300 _axvii, 439p. ill.
_ccm.
490 _aWiley series on bioinformatics: Compuational techniques qnd engineering
500 _aIndex 425-439p.
650 _a Reaction networks
_9711961
650 _aBotany
700 _a Noman Nasimul Ed.
_9711962
942 _hG116:66, Q6 Carb
_cTEXL
_2CC
999 _c1208899
_d1208899